000 00317nam a2200133Ia 4500
008 221030s9999 xx 000 0 und d
041 _aEnglish
082 _a105.23
100 _aA. S. Sudan
245 0 _aManagement Process & Organisational Behaviour
_cby A. S. Sudan
260 _c0
650 _aMb
942 _cBK
999 _c11404
_d11404